Asymptotic of Analytic Difference Equations /

Salvato in:
Dettagli Bibliografici
Autore principale: Immink, Geertrui K (Autore)
Natura: Libro
Lingua:inglese
Pubblicazione: Berlin : Springer Verlag, 1984
Serie:Lecture Notes in Mathematics 1085
Tags: Aggiungi Tag
Nessun Tag, puoi essere il primo ad aggiungerne!!

MARC

LEADER 00000nam a22000003a 4500
001 stu31639
005 20150617225735.9
008 940308s1984----gw------------------eng-d
020 |a 3-540-13867-6 
040 |a STU  |b slo 
041 0 |a eng 
044 |a gw 
080 |a 519.9 
100 1 |a Immink, Geertrui K  |4 aut 
245 1 |a Asymptotic of Analytic Difference Equations /  |c [aut.] Immink,Geertrui K 
260 |a Berlin :  |b Springer Verlag,  |c 1984 
300 |a 132 s 
830 0 |a Lecture Notes in Mathematics  |v 1085 
996 |b J90548  |c J*90548  |l JJST  |s P  |a 0  |w stu31639_0001